Detalles MARC
| 000 -CABECERA |
| campo de control de longitud fija |
02256cam a2200325 i 4500 |
| 001 - NÚMERO DE CONTROL |
| campo de control |
15656 |
| 003 - IDENTIFICADOR DEL NÚMERO DE CONTROL |
| campo de control |
DO-SdUEMH |
| 005 - FECHA Y HORA DE LA ÚLTIMA TRANSACCIÓN |
| campo de control |
20260108163643.0 |
| 007 - CAMPO FIJO DE DESCRIPCIÓN FÍSICA--INFORMACIÓN GENERAL |
| campo de control de longitud fija |
ta |
| 008 - DATOS DE LONGITUD FIJA--INFORMACIÓN GENERAL |
| campo de control de longitud fija |
211105s2001 dr |||gri||| 001 0 spa|d |
| 020 ## - NÚMERO INTERNACIONAL ESTÁNDAR DEL LIBRO |
| Número Internacional Estándar del Libro |
9789945074291 |
| 040 ## - FUENTE DE LA CATALOGACIÓN |
| Centro catalogador/agencia de origen |
DO-SdUEMH |
| Lengua de catalogación |
spa |
| Normas de descripción |
rda |
| 041 ## - CÓDIGO DE LENGUA |
| Código de lengua del texto/banda sonora o título independiente |
spa |
| 082 14 - NÚMERO DE LA CLASIFICACIÓN DECIMAL DEWEY |
| Colección |
Colección Dominicana |
| Número de clasificación |
RD 305.563397293 |
| Número de documento/Ítem |
S194g |
| 084 ## - OTRO NÚMERO DE CLASIFICACIÓN |
| Item number |
13-00056 |
| 100 ## - ENTRADA PRINCIPAL--NOMBRE DE PERSONA |
| Nombre de persona |
SAN MIGUEL, PEDRO L. |
| Término indicativo de función/relación |
autor |
| 110 ## - ENTRADA PRINCIPAL--NOMBRE DE ENTIDAD CORPORATIVA |
| Nombre de entidad corporativa o nombre de jurisdicción como elemento de entrada |
República Dominicana: Archivos General de Nación |
| 245 30 - MENCIÓN DE TÍTULO |
| Título |
La guerra silenciosa: las luchas sociales en la ruralía dominicana / |
| Mención de responsabilidad, etc. |
Pedro L. San Miguel |
| 260 ## - PUBLICACIÓN, DISTRIBUCIÓN, ETC. |
| Date of publication, distribution, etc. |
2011 |
| 264 01 - PRODUCCIÓN, PUBLICACIÓN, DISTRIBUCIÓN, FABRICACIÓN Y COPYRIGHT |
| Lugar de producción, publicación, distribución, fabricación |
Santo Domingo, República Dominicana : |
| Nombre del de productor, editor, distribuidor, fabricante |
Archivo General de la Nación ; |
| Fecha de producción, publicación, distribución, fabricación o copyright |
2011 |
| 300 ## - DESCRIPCIÓN FÍSICA |
| Extensión |
307 páginas ; |
| Otras características físicas |
Ilustraciones : |
| Dimensiones |
23 cm. |
| 336 ## - TIPO DE CONTENIDO |
| Fuente |
rdacontent |
| Término de tipo de contenido |
texto |
| Código de tipo de contenido |
txt |
| 337 ## - TIPO DE MEDIO |
| Fuente |
rdamedia |
| Nombre del tipo de medio |
sin mediación |
| Código del tipo de medio |
n |
| 338 ## - TIPO DE SOPORTE |
| Fuente |
rdacarrier |
| Nombre del tipo de soporte |
volumen |
| Código del tipo de soporte |
nc |
| 490 ## - MENCIÓN DE SERIE |
| Mención de serie |
Archivo General de la Nación ; |
| Designación de volumen o secuencia |
135 |
| 504 ## - NOTA DE BIBLIOGRAFÍA, ETC. |
| Nota de bibliografía, etc. |
Bibliografías al final de los capítulos |
| 505 #1 - NOTA DE CONTENIDO CON FORMATO |
| Nota de contenido con formato |
Prefacio a la primera edición -- Prefacio a la edición dominicana -- Introducción para narrar la historia de la clase incómoda -- Capítulo I una historia sin campesinos -- Sobre el otro interno -- Un campesinado levantisco -- Caudillos y campesinos -- Capítulo II Una clase incómoda -- Historias de gringos caudillos y guerrillas -- Milenarismo y utopía campesina -- La memoria de la ira la guerra gavillera -- Capítulo III La domesticación de la bestia calibanesca -- La ofensiva del mercado -- La ofensiva estatal -- Sobre esa larga tiranía que se menciona en el proemio -- Ciudadanos del surco y del machete -- Un poder que castiga y que hace milagros -- Dictadura y luchas informales -- Capítulo IV Crónica de una reforma agraria al revés -- Reforma a cuentagotas -- La reforma agraria al revés -- Crónica de unas leyes anunciadas -- La primavera del descontento -- Capítulo V Los campesinos y el gran diseño -- Esta es una lucha larga -- El derecho a la subsistencia -- Cabildos abiertos rurales -- No queremos más cuentos -- Reformar la reforma -- Conclusiones campesinado y procesos políticos o la paradoja de la democracia dominicana -- Glosario -- Fuentes y bibliografía -- Índice onomástico. |
| 942 ## - ELEMENTOS DE PUNTO DE ACCESO ADICIONAL (KOHA) |
| Fuente del sistema de clasificación o colocación |
Dewey Decimal Classification |
| Tipo de ítem Koha |
Libro |
| Suprimir en OPAC |
No |